Гітлер і Сталін. Тирани і Друга світова війна (Запис № 575387)

МАРК-запис
000 -Лідер
fixed length control field 02287 a2200253 4500
003 - Ідентифікатор контрольного номера
control field UA-OsUOA
005 - Дата та час останнього входження (трансакції)
control field 20231114095605.0
008 - Елементи даних фіксованої довжини – загальна інформація
fixed length control field 231114b un ||||| |||| 00| 0 ukr d
020 ## - Міжнародний стандартний книжковий номер (ISBN)
Міжнародний стандартний книжковий номер (ISBN) (НП) 9786177965229
040 ## - Джерело каталогізації
Агенція оригінальної каталогізації UA-OsUOA
Мова каталогізації ukr
Агенція, яка здійснювала перезапис UA-OsUOA
Агенція, яка здійснювала модифікацію UA-OsUOA
041 ## - Код мови
Код мови тексту/ звукової доріжки чи окремого заголовка (П) ukr
080 ## - Індекс Універсальної десяткової класифікації
Індекс Універсальної десяткової класифікації (УДК) (НП) 94(100)"1939/1945"+430
090 ## - Локальний шифр розміщення
Класифікаційний індекс УДК 94(100)"1939/1945"+430
Авторський знак (НП) Р54
100 ## - Основне введення – ім’я особи
Ім’я особи (НП) Ріс Л.
245 ## - Відомості про назву
Назва (НП) Гітлер і Сталін. Тирани і Друга світова війна
Дані про відповідальність (НП) Лоренс Ріс ; пер. з англ. Катерина Диса
250 ## - Відомості про видання (редакцію)
Відомості про видання (редакцію) (НП) 2-ге вид.
260 ## - Публікація, розповсюдження і т.п. (Вихідні дані)
Місце публікації, розповсюдження і т.п. (П) К.
Ім’я/ наймення видавництва, розповсюджувача і т.п. (П) Лабораторія
Дата публікації, розповсюдження і т.п. (П) 2021
300 ## - Фізичний опис
Обсяг 480 с.
520 ## - Резюме і т.п.
Резюме, реферат, анотація, тощо (НП) Гітлер і Сталін — два, мабуть, найвідоміші тирани XX століття. Хоч вони й перебували в опозиції один до одного, все ж були втіленням єдиного принципу авторитарної влади. Злочини сталінського режиму не менш жахливі, аніж нацистського, та за цими двома лідерами люди чомусь йшли до кінця. Чому?<br/><br/>Лоренс Ріс 30 років розпитував саме цих людей про їхні згадки щодо подій Другої світової — і вмістив в цій книзі сповіді тих, хто наживо був свідком правління двох тиранічних історичних постатей. На основі розповідей солдат Червоної армії та вермахту, цивільного населення та навіть тих, хто перебував у найближчому оточенні до Гітлера і Сталіна, Лоренс Ріс зміг передати залаштунки кривавого протистояння, таємних політичних процесів та нещадних доленосних рішень.<br/><br/>
650 ## - Додаткове предметне введення – тематичний термін
Джерело заголовка чи терміна UDC
Тематичний термін чи географічна назва, як елемент введення (НП) 94 Історія загалом
942 ## - Додаткові елементи входу (Коха)
Тип елемента Koha Книги
Source of classification or shelving scheme Universal Decimal Classification
955 ## - Код типу видання за змістом
Код типу видання за змістом (НП) Науково-популярні видання
Фонди
Стан вилучень Стан втрат Джерело класифікації або схеми стелажів Стан уражень Не для кредиту Постійне місце розташування Поточне розміщення Дата придбання Джерело придбання Вартість, звичайна ціна покупки Усього замовленно Загальна кількість оновлень Повний номер виклику Штрих-код Перевірено Дата останнього перегляду Дата останньої перевірки Вартість, ціна заміни Ціна ефективна від Тип елемента Koha
    Universal Decimal Classification     АБ - Абонемент НБ АБ - Абонемент НБ 14/11/2023 №37/09.11.2023 70.00 2 1 94(100)"1939/1945"+430 Р54 166841 30/10/2025 16/10/2025 16/10/2025 70.00 14/11/2023 Книги